书目信息 |
| 题名: |
皂苷
|
|
| 作者: | 庾石山 主编 | |
| 分册: | ||
| 出版信息: | 北京 化学工业出版社 2005 |
|
| 页数: | 322页 | |
| 开本: | 26cm | |
| 丛书名: | 实用天然产物手册 | |
| 单 册: | ||
| 中图分类: | O629.13-62 | |
| 科图分类: | ||
| 主题词: | 皂角苷--手册 , 皂角苷 | |
| 电子资源: | ||
| ISBN: | 7-5025-6516-7 | |
| 000 | 00832oam2 2200277 450 | |
| 001 | 002854305 | |
| 005 | 20080303091355.37 | |
| 010 | @a7-5025-6516-7@dCNY68.00 | |
| 035 | @a002854305 | |
| 100 | @a20050331d2005 em y0chiy0110 ea | |
| 101 | 0 | @achi |
| 102 | @aCN@b110000 | |
| 105 | @ay z 001yy | |
| 106 | @ar | |
| 200 | 1 | @a皂苷@Azao gan@f庾石山主编 |
| 210 | @a北京@c化学工业出版社@d2005 | |
| 215 | @a322页@d26cm | |
| 225 | 2 | @a实用天然产物手册 |
| 330 | @a本书介绍了具有生物活性的皂苷,以及近五年来发现的结构新颖的皂苷。将皂苷按结构类型进行分类,提供化合物的名称、化学名、别名、分子式等。 | |
| 461 | 0 | @1001002797501@12001 @a实用天然产物手册 |
| 606 | 0 | @a皂角苷@j手册 |
| 606 | 0 | @a皂角苷 |
| 690 | @aO629.13-62@v4 | |
| 701 | 0 | @a庾石山@Ayu shi shan@4主编 |
| 801 | 0 | @aCN@bNLC@c20080303 |
| 905 | @dO629.13-62@e9@f4 | |
| 皂苷/庾石山主编.-北京:化学工业出版社,2005 |
| 322页;26cm.-(实用天然产物手册) |
| ISBN 7-5025-6516-7:CNY68.00 |
| 本书介绍了具有生物活性的皂苷,以及近五年来发现的结构新颖的皂苷。将皂苷按结构类型进行分类,提供化合物的名称、化学名、别名、分子式等。 |
| ● |
| 相关链接 |
|
|
|
|
正题名:皂苷
索取号:O629.13-62/9
 
预约/预借
| 序号 | 登录号 | 条形码 | 馆藏地/架位号 | 状态 | 备注 |
| 1 | 0614691 | 206146918 | 第二样本阅览室/ [索取号:O629.13-62/9] | 在馆 | |
| 2 | 0614692 | 206146927 | 第三借阅区/ [索取号:O629.13-62/9] | 在馆 | |
| 3 | 0614693 | 206146936 | 第三借阅区/ [索取号:O629.13-62/9] | 在馆 | |
| 4 | 0614694 | 206146945 | 第三借阅区/ [索取号:O629.13-62/9] | 在馆 |